[Event "2021 FIDE Online Olympiad"]
[Site "Chess.com"]
[Date "2021.09.03"]
[Round "4"]
[Board "1"]
[White "Kuybokarov, Temur"]
[Black "Khairallah, Faisal"]
[Result "1-0"]
[WhiteElo "2134"]
[BlackElo "2226"]
[PlyCount "49"]
[EventDate "2021.09.02"]
[EventType "team"]
[EventRounds "9"]
[EventCountry "FID"]
[WhiteTeam "Australia"]
[BlackTeam "Lebanon"]

1. e4  a6  2. d4  b5  3. Nf3  e6  4. Bd3  Bb7  5. Nbd2  c5  6. c3  Nf6  7. Qe2  Be7  8. dxc5  Bxc5  9. e5  Nd5  10. Nb3  Be7  11. a4  bxa4  12. Rxa4  Nc6  13. O-O  Qb6  14. Nbd2  O-O  15. Rg4  f5  16. exf6  Nxf6  17. Nc4  Qd8  18. Rg3  Kh8  19. Nh4  d5  20. Ng6+  hxg6  21. Qxe6  dxc4  22. Rh3+  Nh7  23. Qxg6  Qxd3  24. Rxh7+  Kg8  25. Qxg7#   1-0

[Event "2021 FIDE Online Olympiad"]
[Site "Chess.com"]
[Date "2021.09.03"]
[Round "4"]
[Board "2"]
[White "Salman, Samer"]
[Black "Chan, Luis"]
[Result "0-1"]
[WhiteElo "1759"]
[BlackElo "1777"]
[PlyCount "110"]
[EventDate "2021.09.02"]
[EventType "team"]
[EventRounds "9"]
[EventCountry "FID"]
[WhiteTeam "Lebanon"]
[BlackTeam "Australia"]

1. Nf3  Nf6  2. g3  g6  3. Bg2  Bg7  4. O-O  O-O  5. d3  d6  6. e4  e5  7. c3  Nc6  8. Re1  Re8  9. Bg5  h6  10. Bxf6  Qxf6  11. Nbd2  Be6  12. Nf1  d5  13. Ne3  dxe4  14. dxe4  Rad8  15. Qe2  a6  16. b3  Qe7  17. Rad1  Qc5  18. Rc1  a5  19. h4  Kh7  20. h5  Ne7  21. Red1  c6  22. c4  Ng8  23. Nh4  Nf6  24. hxg6+  fxg6  25. Rxd8  Rxd8  26. Rd1  Rd4  27. Nc2  Bg4  28. Bf3  Bxf3  29. Qxf3  Rxd1+  30. Qxd1  Nxe4  31. Qf3  Ng5  32. Qg4  Qd6  33. Ne3  e4  34. Kg2  b5  35. cxb5  cxb5  36. Qc8  a4  37. bxa4  bxa4  38. Qa8  Qd7  39. Kf1  Bd4  40. Qa6  Qf7  41. Qe2  a3  42. Nc2  Bc5  43. Ne3  Ne6  44. Ng4  h5  45. Ne5  Qb7  46. Nexg6  Kh6  47. Kg1  e3  48. f3  Qb1+  49. Kg2  Qb2  50. Kf1  Bd4  51. g4  hxg4  52. fxg4  Kg5  53. Ke1  Qc1+  54. Qd1  Bc3+  55. Ke2  Nd4+   0-1

[Event "2021 FIDE Online Olympiad"]
[Site "Chess.com"]
[Date "2021.09.03"]
[Round "4"]
[Board "3"]
[White "Nguyen, Thu Giang"]
[Black "Mouradian, Knarik"]
[Result "1-0"]
[WhiteElo "2119"]
[BlackElo "2148"]
[PlyCount "49"]
[EventDate "2021.09.02"]
[EventType "team"]
[EventRounds "9"]
[EventCountry "FID"]
[WhiteTeam "Australia"]
[BlackTeam "Lebanon"]

1. e4  c5  2. Nf3  d6  3. c3  Nf6  4. Be2  Nc6  5. d3  e6  6. O-O  Be7  7. Re1  O-O  8. Nbd2  Rb8  9. a4  b6  10. Bf1  a6  11. d4  d5  12. e5  Nd7  13. Nb3  c4  14. Nbd2  b5  15. b4  a5  16. axb5  Rxb5  17. Qa4  Rb6  18. b5  Na7  19. Rb1  Rb8  20. Rd1  Qb6  21. Bxc4  Qc7  22. Bf1  Qxc3  23. Rb3  Qc2  24. Be2  Bb4  25. Rxb4   1-0

[Event "2021 FIDE Online Olympiad"]
[Site "Chess.com"]
[Date "2021.09.03"]
[Round "4"]
[Board "4"]
[White "Nekrasova, Elena"]
[Black "Phan, Nguyen Mai Chi"]
[Result "0-1"]
[WhiteElo "1920"]
[BlackElo "2139"]
[PlyCount "82"]
[EventDate "2021.09.02"]
[EventType "team"]
[EventRounds "9"]
[EventCountry "FID"]
[WhiteTeam "Lebanon"]
[BlackTeam "Australia"]

1. e4  c5  2. Nf3  d6  3. d4  cxd4  4. Nxd4  Nf6  5. Nc3  a6  6. Be2  e5  7. Nb3  Be7  8. O-O  Be6  9. Be3  O-O  10. f4  exf4  11. Rxf4  Nc6  12. Nd5  Bxd5  13. exd5  Ne5  14. a4  Re8  15. Qd2  Rc8  16. a5  Nfd7  17. Rb4  Qc7  18. c3  Nc5  19. Rd1  Rcd8  20. Nd4  Bf6  21. Nf5  Ng6  22. Rb6  Re5  23. Ng3  Rde8  24. Bd4  Rxd5  25. Bf3  Rg5  26. Bxf6  gxf6  27. Rxd6  Re6  28. Rd8+  Kg7  29. Nh5+  Rxh5  30. Bxh5  Ne4  31. Qd7  Qc5+  32. Qd4  Qxh5  33. Rd7  Qe5  34. Rxb7  Qxa5  35. Qd7  Qc5+  36. Rd4  Re7  37. Qd8  Rxb7  38. h3  Ng5  39. Kh2  Qe5+  40. g3  Re7  41. Rd2  Nf3+   0-1

[Event "2021 FIDE Online Olympiad"]
[Site "Chess.com"]
[Date "2021.09.03"]
[Round "4"]
[Board "5"]
[White "Asaka, Samuel"]
[Black "Arkadan, Adib"]
[Result "1-0"]
[WhiteElo "2254"]
[BlackElo "1786"]
[PlyCount "116"]
[EventDate "2021.09.02"]
[EventType "team"]
[EventRounds "9"]
[EventCountry "FID"]
[WhiteTeam "Australia"]
[BlackTeam "Lebanon"]

1. d4  Nf6  2. c4  c5  3. d5  e5  4. Nc3  d6  5. e4  Be7  6. g3  O-O  7. Bg2  Ne8  8. Nge2  f5  9. O-O  Nf6  10. exf5  Bxf5  11. h3  Nbd7  12. g4  Bg6  13. f4  Ne8  14. f5  Bf7  15. Ne4  Nef6  16. Ng5  h6  17. Ne6  Bxe6  18. fxe6  Nb6  19. Qd3  Nh7  20. Bd2  Bg5  21. Rxf8+  Nxf8  22. Ba5  Qe8  23. b3  Ng6  24. Rf1  Nf4  25. Qe4  Qe7  26. Ng3  g6  27. Rxf4  Bxf4  28. Qxg6+  Qg7  29. Qxg7+  Kxg7  30. Nf5+  Kf6  31. Nxd6  Ke7  32. Nxb7  Rb8  33. Kf1  Be3  34. Ke2  Bd4  35. d6+  Kxe6  36. Be4  Kf7  37. h4  Kf6  38. Kd3  Rg8  39. Bf5  Rb8  40. Bxb6  axb6  41. d7  Ke7  42. d8=Q+  Rxd8  43. Nxd8  Kxd8  44. Ke4  Bf2  45. g5  h5  46. Kxe5  Bxh4  47. g6  Ke7  48. Be4  Be1  49. Kd5  Kf6  50. Kc6  Ba5  51. a3  h4  52. Kb5  Bc3  53. Kxb6  h3  54. a4  h2  55. a5  Bxa5+  56. Kxa5  h1=Q  57. Bxh1  Kxg6  58. Kb5  Kf6   1-0

[Event "2021 FIDE Online Olympiad"]
[Site "Chess.com"]
[Date "2021.09.03"]
[Round "4"]
[Board "6"]
[White "Assoum, Nour"]
[Black "Cheng, Chao Xin"]
[Result "0-1"]
[WhiteElo "1400"]
[BlackElo "1440"]
[PlyCount "128"]
[EventDate "2021.09.02"]
[EventType "team"]
[EventRounds "9"]
[EventCountry "FID"]
[WhiteTeam "Lebanon"]
[BlackTeam "Australia"]

1. e4  c5  2. Nf3  Nf6  3. d3  e6  4. Bf4  d5  5. Qe2  Nc6  6. h3  Be7  7. Nc3  a6  8. g4  d4  9. Nd1  b5  10. Bg2  Bb7  11. Ne5  Rc8  12. Nxc6  Bxc6  13. g5  Nd7  14. h4  e5  15. Bd2  Nf8  16. f4  exf4  17. Bxf4  Ne6  18. Bd2  Qc7  19. Qf3  Bd6  20. Rf1  Bg3+  21. Nf2  Bxh4  22. Qg4  Qg3  23. O-O-O  Qxg4  24. Nxg4  Bxg5  25. Ne5  Bxd2+  26. Rxd2  Ng5  27. Rdf2  O-O  28. Rf5  h6  29. Nf3  Nxf3  30. R5xf3  c4  31. Bh3  Rc7  32. Kd2  Bd7  33. Bg2  Be6  34. a3  c3+  35. bxc3  Rxc3  36. Rg3  Rfc8  37. Rc1  Rxa3  38. Bf3  Rac3  39. e5  Bb3  40. Bd1  a5  41. Rg4  a4  42. Rxd4  Be6  43. Rb4  R3c5  44. d4  Rc4  45. Rxb5  Rxd4+  46. Ke3  Rd5  47. Rb4  Rxe5+  48. Kd4  Ra5  49. c4  a3  50. Be2  a2  51. Ra1  Rd8+  52. Kc3  Rc8  53. Kb3  g5  54. Kb2  Rd8  55. Kc3  Re5  56. Bd1  Re1  57. Kc2  Bg4  58. Rxa2  Rexd1  59. Kb3  Be6  60. Ka4  Ra8+  61. Kb3  Rxa2  62. Kxa2  Rc1  63. Kb3  Rb1+  64. Kc3  Rxb4   0-1

[Event "2021 FIDE Online Olympiad"]
[Site "Chess.com"]
[Date "2021.09.03"]
[Round "5"]
[Board "1"]
[White "Khairallah, Faisal"]
[Black "Song, Raymond"]
[Result "0-1"]
[WhiteElo "2226"]
[BlackElo "2254"]
[PlyCount "56"]
[EventDate "2021.09.02"]
[EventType "team"]
[EventRounds "9"]
[EventCountry "FID"]
[WhiteTeam "Lebanon"]
[BlackTeam "Chinese Taipei"]

1. d4  Nf6  2. Bg5  e6  3. e4  h6  4. Bxf6  Qxf6  5. c3  d6  6. Bc4  Qg5  7. g3  Qe7  8. Ne2  g6  9. f4  Bg7  10. O-O  O-O  11. e5  c5  12. Nd2  cxd4  13. cxd4  Nc6  14. Rc1  Rd8  15. Qa4  dxe5  16. fxe5  Nxe5  17. Ne4  Nxc4  18. Qxc4  Bd7  19. Qc7  Rac8  20. Qxb7  Rb8  21. Qxa7  Rxb2  22. N2c3  f5  23. Nf2  Qd6  24. Rfd1  Bc6  25. d5  exd5  26. Nd3  Ra8  27. Qxa8+  Bxa8  28. Nxb2  Qb6+   0-1

[Event "2021 FIDE Online Olympiad"]
[Site "Chess.com"]
[Date "2021.09.03"]
[Round "5"]
[Board "2"]
[White "Liu, Yeh Yang"]
[Black "Salman, Samer"]
[Result "0-1"]
[WhiteElo "2004"]
[BlackElo "1759"]
[PlyCount "76"]
[EventDate "2021.09.02"]
[EventType "team"]
[EventRounds "9"]
[EventCountry "FID"]
[WhiteTeam "Chinese Taipei"]
[BlackTeam "Lebanon"]

1. e4  c5  2. Nf3  Nc6  3. Bb5  Nd4  4. Nxd4  cxd4  5. O-O  a6  6. Bc4  e6  7. d3  b5  8. Bb3  Bb7  9. Nd2  Nf6  10. f4  Bc5  11. h3  d5  12. e5  Nd7  13. Qg4  Qe7  14. Qxg7  O-O-O  15. Qh6  Rdg8  16. a4  b4  17. a5  Rg6  18. Qh5  Rhg8  19. Rf2  f6  20. Nf3  Qg7  21. Ne1  fxe5  22. fxe5  Nxe5  23. Ba4  Nc4  24. Re2  Ne3  25. Bxe3  dxe3  26. c3  Rg5  27. Qf3  Rf8  28. d4  Rxf3  29. Nxf3  Rg3  30. dxc5  Rxf3  31. c6  Ba8  32. cxb4  d4  33. Rd1  Rxh3  34. Bb3  Rh6  35. Bc4  Qg4  36. Bxa6+  Kc7  37. Ree1  Bxc6  38. Re2  Qh4   0-1

[Event "2021 FIDE Online Olympiad"]
[Site "Chess.com"]
[Date "2021.09.03"]
[Round "5"]
[Board "3"]
[White "Mouradian, Knarik"]
[Black "Chen, Chi"]
[Result "1-0"]
[WhiteElo "2148"]
[BlackElo "1353"]
[PlyCount "117"]
[EventDate "2021.09.02"]
[EventType "team"]
[EventRounds "9"]
[EventCountry "FID"]
[WhiteTeam "Lebanon"]
[BlackTeam "Chinese Taipei"]

1. e4  e6  2. d3  d5  3. Nd2  Nf6  4. Ngf3  dxe4  5. dxe4  Bc5  6. Bc4  O-O  7. O-O  Nc6  8. c3  b6  9. Bb3  Bb7  10. Qe2  Re8  11. e5  Nd5  12. Ne4  Be7  13. Rd1  Qc8  14. a3  Na5  15. Bc2  Ba6  16. Qe1  Bf8  17. Neg5  g6  18. Qe4  h6  19. Nxf7  Ne7  20. Nxh6+  Bxh6  21. Bxh6  Nf5  22. Qf4  Re7  23. Bxf5  exf5  24. Qg5  Qe6  25. Nd4  Qf7  26. e6  Qh7  27. Nxf5  Rxe6  28. Rd8+  Rxd8  29. Qxd8+  Kf7  30. Qd7+  Kg8  31. Qxe6+  Qf7  32. Qxf7+  Kxf7  33. Ne3  Nb3  34. Rd1  Bb5  35. Bf4  c6  36. Rd7+  Ke6  37. Rxa7  Nc5  38. Bg3  Nd3  39. c4  Ba4  40. Rxa4  Nxb2  41. Ra6  Kd7  42. Rxb6  Nd3  43. Rb7+  Ke6  44. Rc7  Nb2  45. Rxc6+  Kf7  46. Nd5  Nd3  47. Rc7+  Ke6  48. Re7+  Kf5  49. Re3  g5  50. a4  g4  51. a5  Nc5  52. Nb4  Nb7  53. a6  Nd8  54. a7  Nf7  55. a8=Q  Kg5  56. Qe8  Nh6  57. Re5+  Kf6  58. Qe7+  Kg6  59. Rg5#   1-0

[Event "2021 FIDE Online Olympiad"]
[Site "Chess.com"]
[Date "2021.09.03"]
[Round "5"]
[Board "4"]
[White "Shih, Ching-An"]
[Black "Nekrasova, Elena"]
[Result "0-1"]
[WhiteElo "1680"]
[BlackElo "1920"]
[PlyCount "86"]
[EventDate "2021.09.02"]
[EventType "team"]
[EventRounds "9"]
[EventCountry "FID"]
[WhiteTeam "Chinese Taipei"]
[BlackTeam "Lebanon"]

1. e4  c5  2. Nf3  e6  3. d4  cxd4  4. Nxd4  Nf6  5. Nc3  Nc6  6. Be3  Bb4  7. Nb5  Nxe4  8. Qg4  Nxc3  9. bxc3  Bf8  10. Rd1  d6  11. Bc5  d5  12. Bxf8  Kxf8  13. c4  Qa5+  14. c3  a6  15. cxd5  axb5  16. dxc6  Qxc3+  17. Rd2  Rxa2  18. Qg5  Qxd2+  19. Qxd2  Rxd2  20. Kxd2  bxc6  21. Bd3  Ke7  22. Rc1  Bb7  23. Kc3  Rd8  24. f3  h6  25. Be4  f5  26. Bc2  c5  27. Re1  Kf6  28. Bb3  e5  29. Bc2  Rd4  30. Ra1  e4  31. fxe4  Bxe4  32. Ra6+  Ke5  33. Bb3  b4+  34. Kb2  c4  35. Bd1  Rxd1  36. Rg6  Rd2+  37. Kc1  Rxg2  38. Ra6  b3  39. Ra5+  Kd4  40. Rb5  Kc3  41. Rxb3+  cxb3  42. h4  b2+  43. Kd1  b1=Q#   0-1

[Event "2021 FIDE Online Olympiad"]
[Site "Chess.com"]
[Date "2021.09.03"]
[Round "5"]
[Board "5"]
[White "Arkadan, Adib"]
[Black "Bai, Adelard"]
[Result "0-1"]
[WhiteElo "1786"]
[BlackElo "1720"]
[PlyCount "80"]
[EventDate "2021.09.02"]
[EventType "team"]
[EventRounds "9"]
[EventCountry "FID"]
[WhiteTeam "Lebanon"]
[BlackTeam "Chinese Taipei"]

1. d4  d5  2. Nc3  Nf6  3. Bf4  c5  4. e3  e6  5. Nb5  Na6  6. c3  Be7  7. Nf3  O-O  8. h3  Bd7  9. a4  c4  10. Be2  Qb6  11. b4  Bxb5  12. axb5  Qxb5  13. O-O  Ne4  14. Qc2  Bd6  15. Ne5  Bxe5  16. Bxe5  Nb8  17. Ra5  Qd7  18. f3  Nd6  19. b5  Nxb5  20. Rb1  a6  21. Rbxb5  Nc6  22. Qa2  Qd8  23. Rc5  Nxe5  24. dxe5  b6  25. Rc6  bxa5  26. f4  Qb8  27. Bd1  Qb7  28. Ba4  Rfb8  29. Qf2  Qb1+  30. Kh2  Qa1  31. Bc2  Qxc3  32. Rd6  h6  33. Ba4  Rb2  34. Qg3  Rb1  35. f5  Qa1  36. Qf2  Rh1+  37. Kg3  Qxe5+  38. Qf4  Qxf4+  39. exf4  exf5  40. Rxd5  Rc8   0-1

[Event "2021 FIDE Online Olympiad"]
[Site "Chess.com"]
[Date "2021.09.03"]
[Round "5"]
[Board "6"]
[White "Weng, Yu-Hsin"]
[Black "Assoum, Nour"]
[Result "1-0"]
[WhiteElo "1000"]
[BlackElo "1400"]
[PlyCount "67"]
[EventDate "2021.09.02"]
[EventType "team"]
[EventRounds "9"]
[EventCountry "FID"]
[WhiteTeam "Chinese Taipei"]
[BlackTeam "Lebanon"]

1. d4  d5  2. Nf3  Bf5  3. c4  e6  4. Nc3  Nf6  5. Bf4  Bb4  6. Qb3  Nc6  7. e3  h6  8. Be2  Nh5  9. Be5  a5  10. cxd5  exd5  11. Bb5  Bd7  12. Qxd5  Nf6  13. Bxf6  Qxf6  14. O-O  O-O  15. Qxd7  Na7  16. Bd3  Rfd8  17. Qxc7  Rac8  18. Qxb7  Bxc3  19. bxc3  Nc6  20. Qb5  Rb8  21. Qf5  Qxf5  22. Bxf5  Ne7  23. Bd3  Nd5  24. c4  Nb4  25. Be4  Re8  26. Nd2  Na6  27. Rfb1  Rbd8  28. a3  g6  29. c5  f5  30. Bd3  Nc7  31. Bc4+  Kf8  32. Rb6  f4  33. Rf6+  Ke7  34. Rf7#   1-0

[Event "2021 FIDE Online Olympiad"]
[Site "Chess.com"]
[Date "2021.09.03"]
[Round "5"]
[Board "1"]
[White "Tin, Jingyao"]
[Black "Kuybokarov, Temur"]
[Result "1-0"]
[WhiteElo "2352"]
[BlackElo "2134"]
[PlyCount "61"]
[EventDate "2021.09.02"]
[EventType "team"]
[EventRounds "9"]
[EventCountry "FID"]
[WhiteTeam "Singapore"]
[BlackTeam "Australia"]

1. d4  Nf6  2. c4  g6  3. Nc3  d5  4. Nf3  Bg7  5. Qb3  dxc4  6. Qxc4  O-O  7. e4  e5  8. Nxe5  b5  9. Nxb5  Nxe4  10. Qxc7  a6  11. Qxd8  Rxd8  12. Nc3  Rxd4  13. Be3  Rd8  14. Nxe4  Bxe5  15. Bc4  Nc6  16. O-O  Bxb2  17. Rad1  Bf5  18. Nd6  Be6  19. Bxe6  fxe6  20. Nb7  Rd5  21. Nc5  Re8  22. Nxa6  Ra5  23. Nc5  Ne5  24. Ne4  Rea8  25. Rd6  R8a6  26. Rd8+  Kg7  27. h3  Rxa2  28. Rb8  Nf7  29. Rxb2  Rxb2  30. Bd4+  e5  31. Bxb2   1-0

[Event "2021 FIDE Online Olympiad"]
[Site "Chess.com"]
[Date "2021.09.03"]
[Round "5"]
[Board "2"]
[White "Zhao, Zong-Yuan"]
[Black "Hsu, Li Yang"]
[Result "1/2-1/2"]
[WhiteElo "2525"]
[BlackElo "2427"]
[PlyCount "62"]
[EventDate "2021.09.02"]
[EventType "team"]
[EventRounds "9"]
[EventCountry "FID"]
[WhiteTeam "Australia"]
[BlackTeam "Singapore"]

1. e4  e6  2. d4  d5  3. e5  c5  4. c3  Nc6  5. Nf3  Bd7  6. Be2  Nge7  7. Na3  Nf5  8. Nc2  Be7  9. O-O  O-O  10. Bd3  cxd4  11. cxd4  f6  12. a3  fxe5  13. dxe5  Be8  14. h3  Bg6  15. b4  a6  16. g4  Nh4  17. Nxh4  Bxd3  18. Qxd3  Bxh4  19. f4  Qb6+  20. Be3  Qb5  21. Rad1  Qxd3  22. Rxd3  Rac8  23. Bc5  Rf7  24. Ne3  Be7  25. Bxe7  Rxe7  26. h4  Rec7  27. h5  Ne7  28. f5  Rc3  29. Rfd1  Rxd3  30. Rxd3  Kf7  31. Kg2  g6   1/2-1/2

[Event "2021 FIDE Online Olympiad"]
[Site "Chess.com"]
[Date "2021.09.03"]
[Round "5"]
[Board "3"]
[White "Gong, Qianyun"]
[Black "Ryjanova, Julia"]
[Result "1-0"]
[WhiteElo "2322"]
[BlackElo "2242"]
[PlyCount "73"]
[EventDate "2021.09.02"]
[EventType "team"]
[EventRounds "9"]
[EventCountry "FID"]
[WhiteTeam "Singapore"]
[BlackTeam "Australia"]

1. d4  Nf6  2. Nc3  d5  3. Bf4  g6  4. e3  Bg7  5. h4  c6  6. Nf3  Qb6  7. Na4  Qa5+  8. c3  Nbd7  9. b4  Qd8  10. Bd3  Ne4  11. Qc2  b5  12. Nc5  Nexc5  13. bxc5  O-O  14. h5  e5  15. hxg6  exf4  16. gxf7+  Rxf7  17. Bxh7+  Kf8  18. O-O-O  fxe3  19. fxe3  Qe7  20. Rdf1  Qxe3+  21. Kb1  b4  22. Nh4  Nf6  23. Ng6+  Ke8  24. Re1  Qxe1+  25. Rxe1+  Ne4  26. Rxe4+  dxe4  27. Qxe4+  Kd8  28. Ne5  Bxe5  29. dxe5  bxc3  30. e6  Re7  31. Qd4+  Bd7  32. Bf5  Rb8+  33. Kc2  Rb2+  34. Kxc3  Rxg2  35. exd7  Rg3+  36. Kc4  Rg8  37. Qd6   1-0

[Event "2021 FIDE Online Olympiad"]
[Site "Chess.com"]
[Date "2021.09.03"]
[Round "5"]
[Board "4"]
[White "Zhang, Jilin"]
[Black "Liu, Yang Hazel"]
[Result "1-0"]
[WhiteElo "2246"]
[BlackElo "2065"]
[PlyCount "37"]
[EventDate "2021.09.02"]
[EventType "team"]
[EventRounds "9"]
[EventCountry "FID"]
[WhiteTeam "Australia"]
[BlackTeam "Singapore"]

1. e4  c5  2. Nf3  Nc6  3. Bb5  g6  4. Bxc6  dxc6  5. d3  Bg7  6. h3  Nf6  7. Nc3  O-O  8. Be3  Qa5  9. Qd2  Rd8  10. O-O  c4  11. d4  Qh5  12. Qe2  b5  13. a3  a5  14. Rfe1  Ba6  15. e5  Nd5  16. Ne4  Nxe3  17. fxe3  Bc8  18. Rf1  h6  19. Ng3   1-0

[Event "2021 FIDE Online Olympiad"]
[Site "Chess.com"]
[Date "2021.09.03"]
[Round "5"]
[Board "5"]
[White "Lee, Qing Aun"]
[Black "Winkelman, Albert"]
[Result "0-1"]
[WhiteElo "2049"]
[BlackElo "2257"]
[PlyCount "108"]
[EventDate "2021.09.02"]
[EventType "team"]
[EventRounds "9"]
[EventCountry "FID"]
[WhiteTeam "Singapore"]
[BlackTeam "Australia"]

1. e4  e5  2. Nf3  Nc6  3. Bb5  a6  4. Ba4  Nf6  5. O-O  Be7  6. Re1  b5  7. Bb3  O-O  8. a4  d5  9. exd5  Na5  10. Nxe5  Nxb3  11. cxb3  Bd6  12. d4  Bb7  13. Bg5  h6  14. Bh4  Re8  15. Nc3  g5  16. Bg3  b4  17. Ne4  Nxe4  18. Rxe4  Bxd5  19. Re3  f5  20. Qh5  Bxe5  21. Bxe5  Re6  22. Rc1  c6  23. f4  Qe8  24. Qe2  gxf4  25. Bxf4  Rxe3  26. Qxe3  Qg6  27. Qg3  Qxg3  28. Bxg3  Re8  29. Be5  Kf7  30. a5  Rg8  31. g3  Rg4  32. Kf2  Re4  33. h3  Ke6  34. Rc2  Kd7  35. Rd2  Bxb3  36. Bg7  h5  37. Bf8  h4  38. Bxb4  hxg3+  39. Kxg3  f4+  40. Kf2  Bc4  41. Bc5  Ke6  42. Rc2  Kd5  43. b4  Bd3  44. Rc1  Re3  45. h4  Be4  46. Rg1  Rh3  47. Rg4  f3  48. Ke3  Rh1  49. Rg5+  Kc4  50. h5  Re1+  51. Kf2  Re2+  52. Kf1  Bd3  53. Kg1  f2+  54. Kg2  Rd2   0-1

[Event "2021 FIDE Online Olympiad"]
[Site "Chess.com"]
[Date "2021.09.03"]
[Round "5"]
[Board "6"]
[White "Middleton, Jody"]
[Black "Hng, Mei-En Emmanuelle"]
[Result "1-0"]
[WhiteElo "1850"]
[BlackElo "1634"]
[PlyCount "147"]
[EventDate "2021.09.02"]
[EventType "team"]
[EventRounds "9"]
[EventCountry "FID"]
[WhiteTeam "Australia"]
[BlackTeam "Singapore"]

1. d4  Nf6  2. c4  e6  3. Nc3  c5  4. d5  exd5  5. cxd5  d6  6. g3  g6  7. Bg2  Bg7  8. Nf3  O-O  9. O-O  Nbd7  10. Bf4  Nb6  11. a4  Nh5  12. Bg5  f6  13. Bd2  Nc4  14. Qb3  Na5  15. Qc2  Bd7  16. h3  f5  17. Bg5  Nf6  18. Nd2  h6  19. Bf4  Qe7  20. Bf3  Rac8  21. Nb3  Nxb3  22. Qxb3  b6  23. Qc4  g5  24. Bd2  Rce8  25. Rfe1  Ne4  26. Nxe4  fxe4  27. Bh5  Qf6  28. Be3  Ra8  29. Rab1  a6  30. b4  b5  31. Qc2  c4  32. axb5  axb5  33. g4  Be8  34. Qxe4  Bxh5  35. gxh5  Rae8  36. Qg2  Rxe3  37. fxe3  Qc3  38. Rf1  Qxe3+  39. Kh1  Rxf1+  40. Rxf1  Be5  41. Qg4  Bf4  42. Qe6+  Qxe6  43. dxe6  Kf8  44. e3  Ke7  45. exf4  gxf4  46. Rxf4  Kxe6  47. Re4+  Kd5  48. Re8  c3  49. Kg2  Kd4  50. Kf2  Kd3  51. Re3+  Kd2  52. Re2+  Kd1  53. Re1+  Kd2  54. Re6  d5  55. Rd6  c2  56. Rxd5+  Kc3  57. Rc5+  Kb2  58. Ke3  c1=Q+  59. Rxc1  Kxc1  60. Kd4  Kd2  61. Kc5  Kc3  62. Kxb5  Kd4  63. Kc6  Ke5  64. b5  Kf5  65. b6  Kg5  66. b7  Kxh5  67. b8=Q  Kh4  68. Qc8  h5  69. Kd5  Kg3  70. Ke4  h4  71. Qg4+  Kh2  72. Qxh4  Kh1  73. Qg4  Kh2  74. Kf3   1-0

[Event "2021 FIDE Online Olympiad"]
[Site "Chess.com"]
[Date "2021.09.03"]
[Round "5"]
[Board "1"]
[White "Priasmoro, Novendra"]
[Black "Bersamina, Paulo"]
[Result "1-0"]
[WhiteElo "2312"]
[BlackElo "2286"]
[PlyCount "103"]
[EventDate "2021.09.02"]
[EventType "team"]
[EventRounds "9"]
[EventCountry "FID"]
[WhiteTeam "Indonesia"]
[BlackTeam "Philippines"]

1. e4  e5  2. Nf3  Nc6  3. Bb5  a6  4. Ba4  Nf6  5. O-O  Be7  6. Re1  b5  7. Bb3  O-O  8. c3  d6  9. h3  Nb8  10. d4  Nbd7  11. Nbd2  Bb7  12. Bc2  Re8  13. Nf1  Bf8  14. Ng3  g6  15. a4  c5  16. d5  c4  17. Nh2  Bg7  18. Qf3  Qc7  19. Ng4  Nxg4  20. hxg4  Qd8  21. g5  f6  22. Qg4  fxg5  23. Bxg5  Bf6  24. Bh6  Kh8  25. axb5  axb5  26. Rxa8  Bxa8  27. Ra1  Bb7  28. Ra7  Nc5  29. Be3  Qb6  30. Qd7  Nxd7  31. Bxb6  Nxb6  32. Rxb7  Bd8  33. Bd1  Re7  34. Rb8  Re8  35. Bg4  Kg7  36. Be6  Kf8  37. Nf1  Bc7  38. Rb7  Re7  39. Ne3  h5  40. Nc2  Bd8  41. Rb8  Ke8  42. Nb4  Ra7  43. Rxd8+  Kxd8  44. Nc6+  Ke8  45. Nxa7  Na4  46. Nxb5  Ke7  47. Kf1  Nxb2  48. Ke2  h4  49. Bg4  Nd3  50. Na3  Nc1+  51. Ke3  Na2  52. Kd2   1-0

[Event "2021 FIDE Online Olympiad"]
[Site "Chess.com"]
[Date "2021.09.03"]
[Round "5"]
[Board "2"]
[White "Garcia, Jan Emmanuel"]
[Black "Taher, Yoseph Theolifus"]
[Result "1/2-1/2"]
[WhiteElo "2350"]
[BlackElo "2295"]
[PlyCount "29"]
[EventDate "2021.09.02"]
[EventType "team"]
[EventRounds "9"]
[EventCountry "FID"]
[WhiteTeam "Philippines"]
[BlackTeam "Indonesia"]

1. Nf3  c5  2. c4  g6  3. d4  cxd4  4. Nxd4  Nc6  5. e4  Nf6  6. Nc3  Nxd4  7. Qxd4  d6  8. Be2  Bg7  9. Be3  O-O  10. Qd2  Qa5  11. O-O  Be6  12. Rac1  Rfc8  13. b3  a6  14. Nd5  Qxd2  15. Nxf6+   1/2-1/2

[Event "2021 FIDE Online Olympiad"]
[Site "Chess.com"]
[Date "2021.09.03"]
[Round "5"]
[Board "3"]
[White "Sukandar, Irine Kharisma"]
[Black "Magpily, Francois Marie"]
[Result "1-0"]
[WhiteElo "2381"]
[BlackElo "1808"]
[PlyCount "63"]
[EventDate "2021.09.02"]
[EventType "team"]
[EventRounds "9"]
[EventCountry "FID"]
[WhiteTeam "Indonesia"]
[BlackTeam "Philippines"]

1. e4  e5  2. Nf3  f5  3. Nxe5  Qf6  4. d4  d6  5. Nc4  fxe4  6. Nc3  Qg6  7. Ne3  c6  8. f3  exf3  9. Qxf3  Nf6  10. Bd3  Qf7  11. O-O  Be7  12. Ne4  d5  13. Ng5  Qh5  14. Qxh5+  Nxh5  15. Nxh7  Nf6  16. Bg6+  Kd8  17. Ng5  Kc7  18. Nf5  Bxf5  19. Bxf5  Nbd7  20. Bf4+  Kb6  21. Rae1  Bd8  22. Rf3  a6  23. Nf7  Rf8  24. Nxd8  Raxd8  25. Re7  Nh5  26. Rb3+  Ka7  27. Bxd7  Nxf4  28. Bxc6  Ne2+  29. Rxe2  bxc6  30. Re7+  Ka8  31. Rb6  Rd6  32. Rxa6+   1-0